000 00613nam a2200217Ia 4500
005 20260429112304.0
008 260429s9999||||xx |||||||||||||| ||und||
020 _a9781032606538
041 _aEnglish
082 _a304.2
_bBOS
100 _aBoström, Magnus
245 0 _aEnvironmental sociology and social transformation :
_bkey issues /
_cMagnus Boström
250 _a1st ed.
260 _aOxon :
_bRoutledge,
_c2024.
300 _axi, 199 p.; pbk
650 _a Social transformation
650 _a Sustainability
650 _aEnvironmental sociology
700 _a Lidskog, Rolf
942 _cTB
999 _c53327
_d53327